[Event "chess.com SpeedChess 2025"]
[Site "chess.com INT"]
[Date "2025.10.17"]
[Round "1.15"]
[White "Nakamura,Hi"]
[Black "Le,Quang Liem"]
[Result "1-0"]
[WhiteElo "2816"]
[BlackElo "2729"]

1.e4 e5 2.Bc4 Nf6 3.d3 c6 4.Nf3 d5 5.Bb3 a5 6.a3 a4 7.Ba2 Bd6 8.Nc3 O-O 9.exd5 cxd5
10.Bg5 d4 11.Bxf6 Qxf6 12.Ne4 Qe7 13.O-O Nc6 14.h3 Bc7 15.Re1 Be6 16.Bxe6 Qxe6
17.c3 dxc3 18.bxc3 Rfd8 19.d4 Qd5 20.dxe5 Nxe5 21.Nd4 Nc4 22.Qg4 Be5 23.Rad1 Qa5
24.Ne6 h5 25.Qe2 Rxd1 26.Rxd1 Nxa3 27.N4g5 fxe6 28.Qxh5 Bf6 29.Qf7+ Kh8 30.Qh5+ Kg8
31.Qh7+ Kf8 32.Rd7 Ke8 33.Rxb7  1-0

[Event "chess.com SpeedChess 2025"]
[Site "chess.com INT"]
[Date "2025.10.17"]
[Round "1.14"]
[White "Le,Quang Liem"]
[Black "Nakamura,Hi"]
[Result "0-1"]
[WhiteElo "2729"]
[BlackElo "2816"]

1.d4 Nf6 2.c4 e6 3.Nf3 d5 4.g3 Be7 5.Bg2 O-O 6.O-O dxc4 7.Qc2 a6 8.a4 Bd7
9.Rd1 Bc6 10.Bg5 Nbd7 11.Nbd2 h6 12.Bxf6 Nxf6 13.Nxc4 a5 14.Nfe5 Bxg2 15.Kxg2 c6
16.e4 Qc7 17.h4 Rad8 18.Ne3 Nd7 19.Nf3 Nf6 20.Rac1 Bb4 21.d5 exd5 22.exd5 Rd6
23.Qb3 Rfd8 24.dxc6 Rxd1 25.Nxd1 bxc6 26.Ne3 c5 27.Rd1 Rxd1 28.Qxd1 Qc6 29.b3 Qe4
30.Qc2 Qb7 31.Qd3 Qa8 32.Nc4 g6 33.Kg1 Kg7 34.Nfe5 Qe8 35.Qf3 Qe6 36.Kg2 Nd5
37.Nd3 Nf6 38.Nf4 Qd7 39.Nd3 Qe6 40.Qb7 Nd5 41.Nde5 Bc3 42.Nf3 Bd4 43.Qa7 Nf4+
44.Kg1 Bxf2+  0-1

[Event "chess.com SpeedChess 2025"]
[Site "chess.com INT"]
[Date "2025.10.17"]
[Round "1.12"]
[White "Le,Quang Liem"]
[Black "Nakamura,Hi"]
[Result "1-0"]
[WhiteElo "2729"]
[BlackElo "2816"]

1.d4 Nf6 2.Nf3 e6 3.c4 d5 4.g3 Be7 5.Bg2 O-O 6.O-O dxc4 7.Qc2 a6 8.a4 Bd7
9.Bg5 Bc6 10.Rd1 Nbd7 11.Nbd2 h6 12.Bxf6 Nxf6 13.Nxc4 Be4 14.Qc1 a5 15.Nfe5 Bxg2
16.Kxg2 c6 17.f3 Qc7 18.e4 Rfd8 19.Qc2 Nd7 20.Ng4 Nb6 21.Nce3 Rd7 22.Rd3 Rad8
23.Rad1 Bd6 24.b3 h5 25.Nf2 Bf8 26.Qe2 g6 27.e5 Nd5 28.Ne4 Nxe3+ 29.Qxe3 Bg7
30.f4 Rd5 31.h3 Qe7 32.g4 Qh4 33.g5 Bf8 34.Nd2  1-0

[Event "Comet Open Titled Winners"]
[Site "chess.com INT"]
[Date "2025.10.18"]
[Round "1.1"]
[White "Nakamura,Hi"]
[Black "Ohanyan,Emin"]
[Result "1-0"]
[WhiteElo "2816"]
[BlackElo "2488"]

1.d4 d5 2.Nf3 Nf6 3.c4 c6 4.e3 g6 5.Bd3 Bg7 6.Nbd2 O-O 7.O-O Bg4 8.h3 Bxf3
9.Nxf3 Nbd7 10.Qc2 Re8 11.b3 e5 12.dxe5 Nxe5 13.Nxe5 Rxe5 14.Bb2 Re8 15.Rad1 Qe7
16.Rfe1 Rad8 17.a3 dxc4 18.Bxc4 Rxd1 19.Rxd1 Rd8 20.Rxd8+ Qxd8 21.b4 Ne8
22.Bc1 Nd6 23.Bd3 Qe7 24.a4 a6 25.Bd2 Qe5 26.g3 Qd5 27.Bf1 Bf6 28.Bg2 Qc4
29.Qd1 Qd3 30.Bf1 Qd5 31.Qc2 Kg7 32.Be1 h5 33.h4 Qe4 34.Bd3 Qe5 35.Kg2 Qd5+
36.f3 Nf5 37.Bf2 Qe6 38.e4 Nd4 39.Qd1 Qb3 40.Qxb3 Nxb3 41.f4 Bc3 42.b5 axb5
43.axb5 cxb5 44.Bxb5 Bd4 45.Be1 Nc5 46.Kf3 Kf6 47.Bc4 Ke7 48.Bb4 b6 49.e5 f6
50.Bd3 Kf7 51.Bc4+ Ke7 52.Bd3 Kf7 53.Bc4+ Kg7 54.e6 f5 55.e7  1-0

[Event "Comet Open Titled Winners"]
[Site "chess.com INT"]
[Date "2025.10.18"]
[Round "1.3"]
[White "Nakamura,Hi"]
[Black "Ohanyan,Emin"]
[Result "1-0"]
[WhiteElo "2816"]
[BlackElo "2488"]

1.d4 d5 2.e3 Nf6 3.Bd3 c5 4.c3 Nc6 5.Nf3 Bg4 6.Nbd2 e5 7.dxe5 Nxe5 8.Bb5+ Bd7
9.Be2 Bd6 10.c4 Bc6 11.cxd5 Bxd5 12.Bb5+ Nc6 13.Bc4 O-O 14.Bxd5 Nxd5 15.O-O Nf6
16.b3 Qc7 17.Bb2 Ne5 18.Qe2 Rad8 19.Rfd1 Nfg4 20.h3 Nxf3+ 21.Nxf3 Ne5 22.Nd2 Nc6
23.Nc4 Be5 24.Nxe5 Nxe5 25.Qh5 f6 26.Qe2 b6 27.Rac1 Rxd1+ 28.Rxd1 Nf7 29.Qg4 Rd8
30.Bc3 Rxd1+ 31.Qxd1 Qd8 32.Qf3 Qd7 33.Qa8+ Nd8 34.b4 cxb4 35.Bxb4 Kf7 36.a3 Ne6
37.Qe4 h6 38.h4 h5 39.Qf3 g6 40.Bc3 Qe7 41.a4 Nc5 42.a5 bxa5 43.Qd5+ Ne6
44.Bxa5 Kg7 45.Bc3 Kf7 46.Ba5 a6 47.Bc3 Qc7 48.Qb3 Qc6 49.g3 Qb5 50.Qa2 Ke7
51.Qd2 Qc6 52.Bb4+ Kf7 53.Qa2 Qb5 54.Qd2 Qb7 55.Qd6 g5 56.hxg5 Nxg5 57.Bc3 Nf3+
58.Kf1 Qb5+ 59.Kg2 Qf5 60.Qc7+ Kg6 61.Qb8 Qd5 62.e4 Qxe4 63.Qg8+ Kh6 64.Qh8+ Kg6
65.Qxf6+ Kh7 66.Qg7+  1-0

[Event "Comet Open Titled Winners"]
[Site "chess.com INT"]
[Date "2025.10.18"]
[Round "1.2"]
[White "Ohanyan,Emin"]
[Black "Nakamura,Hi"]
[Result "1/2-1/2"]
[WhiteElo "2488"]
[BlackElo "2816"]

1.e4 e5 2.Nf3 Nc6 3.Nc3 Nf6 4.Bb5 Bd6 5.d4 exd4 6.Nxd4 Nxd4 7.Qxd4 Qe7 8.f4 c6
9.Be2 Bc5 10.Qe5 O-O 11.Qxe7 Bxe7 12.e5 Ne8 13.Be3 d5 14.exd6 Nxd6 15.O-O-O Be6
16.g4 f6 17.f5 Bf7 18.Bf4 Rfd8 19.Rhe1 Bf8 20.b3 Ne8 21.Kb2 Bd6 22.Bxd6 Nxd6
23.Bf3 Kf8 24.a4 a5 25.Ne2 Ne8 26.Kc3 Nc7 27.Nf4 Rxd1 28.Rxd1 Ke7 29.Re1+ Kd6
30.Rd1+ Ke7 31.Re1+ Kd6 32.Rd1+ Ke7  1/2-1/2

[Event "Comet Open Titled Winners"]
[Site "chess.com INT"]
[Date "2025.10.18"]
[Round "2.3"]
[White "Nakamura,Hi"]
[Black "Pranav,V"]
[Result "1/2-1/2"]
[WhiteElo "2816"]
[BlackElo "2641"]

1.e4 e5 2.Nf3 Nc6 3.Bb5 a6 4.Ba4 Nge7 5.d3 d6 6.O-O Ng6 7.c3 Bd7 8.d4 Be7
9.d5 Nb8 10.Bxd7+ Nxd7 11.c4 O-O 12.Nc3 a5 13.Be3 b6 14.a3 Nh4 15.Nxh4 Bxh4
16.Qg4 Bf6 17.b4 g6 18.Nb5 Bg7 19.Qe2 f5 20.f3 Rf7 21.Rac1 Nf6 22.Bg5 axb4
23.axb4 Qf8 24.Nc3 Nh5 25.g3 Bh6 26.Bd2 Qg7 27.Rf2 Nf6 28.Rcf1 Ra3 29.Bxh6 Qxh6
30.Qb2 Ra8 31.Kg2 Raf8 32.Qe2 Ra8 33.Qb2 Qe3 34.Qd2 Qxd2 35.Rxd2 Ra3 36.Rc2 Rb3
37.exf5 gxf5 38.Rb1 Rxb1 39.Nxb1 b5 40.Nc3 bxc4 41.Ra2 Nd7 42.Kf2 Nb6 43.Ke3 Kf8
44.Ra7 Ke8 45.f4 Re7 46.fxe5 dxe5 47.Ra5 Kd7 48.Rc5 Kd8 49.Nb5 Rd7 50.Nc3 Rd6
51.Kf3 Rh6 52.Nb5 Rxh2 53.Nxc7 Rd2 54.Rc6 Nxd5 55.Nxd5 Rxd5 56.Rxc4 Ke7 57.Rh4 Kf6
58.Rxh7 Rd3+ 59.Kf2 Rb3 60.Rb7 Kg5 61.b5 e4 62.b6 Rb2+ 63.Ke3 Rb3+ 64.Kf2 Rb2+
65.Ke3 Rb3+ 66.Kf2  1/2-1/2

[Event "Comet Open Titled Winners"]
[Site "chess.com INT"]
[Date "2025.10.18"]
[Round "2.2"]
[White "Pranav,V"]
[Black "Nakamura,Hi"]
[Result "1/2-1/2"]
[WhiteElo "2641"]
[BlackElo "2816"]

1.e4 e5 2.Nf3 Nc6 3.Nc3 Nf6 4.Bb5 Bd6 5.d3 a6 6.Bc4 Bc5 7.a3 d6 8.Bg5 h6
9.Bxf6 Qxf6 10.Nd5 Qd8 11.c3 Ba7 12.O-O O-O 13.h3 Ne7 14.d4 Nxd5 15.Bxd5 Qe7
16.dxe5 dxe5 17.Qe2 c6 18.Ba2 Bd7 19.Rad1 Rfd8 20.Nh2 Be8 21.Ng4 h5 22.Ne3 g6
23.Qf3 Qg5 24.Nc4 Kg7 25.Nd6 Qe7 26.Nxe8+ Qxe8 27.g3 Qe7 28.Kg2 Bb6  1/2-1/2

[Event "Comet Open Titled Winners"]
[Site "chess.com INT"]
[Date "2025.10.18"]
[Round "2.1"]
[White "Nakamura,Hi"]
[Black "Pranav,V"]
[Result "1-0"]
[WhiteElo "2816"]
[BlackElo "2641"]

1.e4 e5 2.Nf3 Nc6 3.Bb5 a6 4.Ba4 Nge7 5.d3 d6 6.c4 Bd7 7.Nc3 g6 8.Bg5 Bg7
9.Nd5 Qc8 10.Nf6+ Kf8 11.Nxd7+ Qxd7 12.O-O h6 13.Be3 Kg8 14.d4 exd4 15.Nxd4 Kh7
16.Qd2 Rhe8 17.Rfe1 Rad8 18.Rad1 Qc8 19.Ne2 Rf8 20.Ng3 Ne5 21.Qe2 c5 22.Bc2 N5c6
23.b3 Nd4 24.Qd2 Nec6 25.Bb1 b5 26.cxb5 axb5 27.Kh1 b4 28.f4 Nb5 29.Bd3 Nc3
30.Rc1 Rfe8 31.Qf2 Nd4 32.f5 Qd7 33.f6 Bh8 34.Bxd4 cxd4 35.Qxd4 Nxa2 36.Ra1 Nc3
37.Ra7 Bxf6 38.Qf2 Qe6 39.Bc4 Qe5 40.Rxf7+ Bg7 41.Rf1 Rf8 42.Qa7 Rxf7 43.Rxf7 Kh8
44.h3 d5 45.Re7 Qd4 46.exd5 Qxa7 47.Rxa7 Nxd5 48.Rb7 Ne3 49.Be2 Bc3 50.Ne4 Nf5
51.g4 Nd4 52.Nf6  1-0

[Event "Comet Open Titled Winners"]
[Site "chess.com INT"]
[Date "2025.10.18"]
[Round "2.4"]
[White "Pranav,V"]
[Black "Nakamura,Hi"]
[Result "1/2-1/2"]
[WhiteElo "2641"]
[BlackElo "2816"]

1.e4 e5 2.Nf3 Nc6 3.Bb5 Nf6 4.d3 Bc5 5.O-O d6 6.c3 O-O 7.Nbd2 a6 8.Ba4 Ba7
9.h3 Ne7 10.Re1 Ng6 11.Nf1 Bd7 12.Bc2 h6 13.Ng3 Re8 14.d4 Bc6 15.Be3 exd4
16.Bxd4 Ne5 17.Bxa7 Nxf3+ 18.Qxf3 Rxa7 19.Nf5 Bd7 20.Nxh6+ gxh6 21.Qe3 Ra8
22.Qxh6 Re6 23.e5 Rxe5 24.Rxe5 dxe5 25.Re1 e4 26.Re3 Bf5 27.Bb3 Nd5 28.Rg3+ Bg6
29.h4 e3 30.fxe3 c6 31.e4 Qd6 32.Qg5 Nf4 33.Rf3 Ne6 34.Bxe6 Qxe6 35.h5 Qxe4
36.hxg6 fxg6 37.Rf6 Kg7 38.Rf1 Qe6 39.Qf4 Re8 40.Qc7+ Re7 41.Qf4 Qe3+ 42.Qxe3 Rxe3
43.Kf2 Rd3  1/2-1/2

[Event "Comet Open Titled Winners"]
[Site "chess.com INT"]
[Date "2025.10.18"]
[Round "3.4"]
[White "Maghsoodloo,Parham"]
[Black "Nakamura,Hi"]
[Result "1/2-1/2"]
[WhiteElo "2697"]
[BlackElo "2816"]

1.c4 e5 2.Nc3 Nf6 3.Nf3 Nc6 4.g3 Nd4 5.Bg2 Nxf3+ 6.Bxf3 Bb4 7.Qc2 a5 8.g4 h6
9.h4 c6 10.g5 Ng8 11.Rg1 hxg5 12.hxg5 Ne7 13.a3 Bxc3 14.Qxc3 d6 15.d4 Qc7
16.dxe5 dxe5 17.Be3 Nf5 18.O-O-O Nxe3 19.Qxe3 Be6 20.c5 Rd8 21.Rxd8+ Kxd8
22.Rd1+ Ke7 23.Rd6 f6 24.gxf6+ gxf6 25.Be4 Rd8 26.Rxd8 Qxd8 27.Qd2 Qxd2+
28.Kxd2 f5 29.Bc2 Kf6 30.Kc3 Ke7 31.e3 f4 32.exf4 exf4 33.b4 axb4+ 34.Kxb4 Kd8
35.Be4 Bh3 36.a4 Bf1 37.Bf5 Be2 38.Kc3 Kc7 39.a5 Kb8 40.Bd3 Bxd3 41.Kxd3 Ka7
42.Ke4 Ka6 43.Kxf4 Kxa5 44.Ke4 b5 45.f4 b4 46.f5 b3 47.Kd3 Kb4 48.f6 Ka3
49.f7 b2 50.f8=Q b1=Q+ 51.Kd4 Qd1+ 52.Kc4 Qc2+ 53.Kd4 Qd2+ 54.Kc4 Qc2+ 55.Kd4 Qd1+
56.Kc4 Qg4+ 57.Kc3 Qb4+ 58.Kd3 Qb3+ 59.Kd4 Qd5+ 60.Kc3 Qb3+ 61.Kd4 Qd5+ 62.Kc3 Qb3+
63.Kd4  1/2-1/2

[Event "Comet Open Titled Winners"]
[Site "chess.com INT"]
[Date "2025.10.18"]
[Round "3.3"]
[White "Nakamura,Hi"]
[Black "Maghsoodloo,Parham"]
[Result "0-1"]
[WhiteElo "2816"]
[BlackElo "2697"]

1.e4 c5 2.Nf3 d6 3.c3 Nf6 4.Bd3 g6 5.Bc2 Bg7 6.h3 O-O 7.O-O b5 8.d4 Bb7 9.Re1 cxd4
10.cxd4 b4 11.Bg5 h6 12.Bf4 a5 13.Nbd2 Nbd7 14.Be3 Ba6 15.Nf1 e5 16.Ng3 Rc8
17.Bd3 Bb7 18.Qd2 Kh7 19.Rad1 Qc7 20.Rc1 Qb8 21.a3 exd4 22.Bxd4 Nc5 23.Bxc5 dxc5
24.e5 Nd5 25.Ne4 Nb6 26.axb4 axb4 27.Qf4 c4 28.Bb1 Bxe4 29.Rxe4 Rc5 30.Qe3 Qc7
31.e6 Nd5 32.Qe1 Bxb2 33.Rd1 Bc3 34.Qe2 Bf6 35.Rc1 Nc3 36.Rxc3 bxc3 37.exf7 Qxf7
38.Rg4 Rg8 39.h4 h5 40.Rf4 Qe7 41.Re4 Qd8 42.Ng5+ Bxg5 43.hxg5 Rxg5 44.Re7+ Rg7
45.Re8 Qd2 46.Qe4 Rf5 47.Qa8 Qxf2+ 48.Kh2 Qh4+ 49.Kg1 Qd4+ 50.Kh2 Ra7 51.Qb8 Rf1
52.Bxg6+ Kxg6 53.Qg3+ Kh6 54.Re6+ Rf6 55.Re8 Qf4 56.Rh8+ Rh7  0-1

[Event "Comet Open Titled Winners"]
[Site "chess.com INT"]
[Date "2025.10.18"]
[Round "3.1"]
[White "Nakamura,Hi"]
[Black "Maghsoodloo,Parham"]
[Result "1-0"]
[WhiteElo "2816"]
[BlackElo "2697"]

1.e4 c6 2.Nf3 d5 3.Nc3 Bg4 4.h3 Bxf3 5.Qxf3 e6 6.g3 Bc5 7.Bg2 Ne7 8.Qd1 Bb6
9.O-O O-O 10.Na4 dxe4 11.Nxb6 axb6 12.Bxe4 Nd7 13.d4 Nf6 14.Bg2 b5 15.c3 h6
16.Qe2 Re8 17.Re1 Ng6 18.Be3 Qd6 19.a3 Re7 20.Rad1 Rae8 21.f4 Rd8 22.Qf2 Qd7
23.Re2 e5 24.f5 Nf8 25.g4 N8h7 26.Rdd2 e4 27.Bf4 Rde8 28.Qg3 Qd5 29.Be3 Qb3
30.h4 Nd5 31.g5 hxg5 32.hxg5 Nxe3 33.Rxe3 f6 34.g6 Ng5 35.Qh4 Qd5 36.Rf2 Kf8
37.Rf4 Nf3+ 38.Bxf3 exf3 39.Qh8+ Qg8 40.Qxg8+ Kxg8 41.Rxe7 Rxe7 42.Rxf3 Kf8
43.Kf2 Re4 44.Kg3 Re2 45.Kf4 Rxb2 46.Rh3 Rf2+ 47.Ke4 Re2+ 48.Kd3 Re8 49.Rh8+ Ke7
50.Rh7 Rg8 51.Rh3 Kd6 52.Rh7 b6 53.Ke4 Re8+ 54.Kd3 Re7 55.Rh8 Ra7 56.Rd8+ Rd7
57.Rf8 c5 58.Rc8 Rc7 59.Rd8+ Kc6 60.Re8 Rd7 61.Re6+ Kc7 62.Ke4 Kb7 63.d5 Ka6
64.d6 b4 65.cxb4 cxb4 66.axb4 Kb5 67.Kd5 Kxb4 68.Re7 Rd8 69.Rxg7  1-0

[Event "Comet Open Titled Winners"]
[Site "chess.com INT"]
[Date "2025.10.18"]
[Round "3.5"]
[White "Maghsoodloo,Parham"]
[Black "Nakamura,Hi"]
[Result "0-1"]
[WhiteElo "2697"]
[BlackElo "2816"]

1.d4 Nf6 2.c4 e6 3.Nc3 Bb4 4.e3 O-O 5.Ne2 c6 6.a3 Ba5 7.b4 Bc7 8.e4 d6 9.g3 e5
10.Bg2 a5 11.Rb1 axb4 12.axb4 Nbd7 13.O-O Re8 14.d5 c5 15.Nb5 cxb4 16.Nxc7 Qxc7
17.Rxb4 Nc5 18.f3 Ncxe4 19.Be3 Nc5 20.Nc3 Bd7 21.Qb1 Ra3 22.Rc1 Rea8 23.Bf1 h5
24.h3 Re8 25.Kh2 e4 26.f4 Nd3 27.Bxd3 exd3 28.Qxd3 Qc8 29.Bd4 Ne4 30.g4 hxg4
31.hxg4 Nxc3 32.Bxc3 Bxg4 33.Rg1 Re2+ 34.Rg2 Rxg2+ 35.Kxg2 Bf5 36.Qd4 f6
37.Rb6 Qe8 38.Rb2 Qe4+ 39.Kf2 Qh1 40.Re2 Qh2+ 41.Ke1 Qg3+ 42.Kd2 Ra2+ 43.Bb2 Qb3
44.Kc1 Ra4 45.Re8+ Kf7  0-1

[Event "Comet Open Titled Winners"]
[Site "chess.com INT"]
[Date "2025.10.18"]
[Round "3.2"]
[White "Maghsoodloo,Parham"]
[Black "Nakamura,Hi"]
[Result "1/2-1/2"]
[WhiteElo "2697"]
[BlackElo "2816"]

1.c4 e5 2.Nc3 Nf6 3.Nf3 Nc6 4.e3 Bb4 5.Nd5 Be7 6.a3 d6 7.b4 Nxd5 8.cxd5 Nb8
9.Bb2 O-O 10.Qc2 c6 11.d4 exd4 12.Nxd4 cxd5 13.Be2 Bf6 14.Bf3 Be6 15.O-O Bxd4
16.Bxd4 Nc6 17.Rfd1 Rc8 18.Qb2 Qg5 19.Be2 a6 20.Rac1 Qg6 21.Bc3 Rc7 22.b5 axb5
23.Qxb5 Rfc8 24.Ba5 Nd4 25.Rxc7 Nxb5 26.Rxc8+ Bxc8 27.Bxb5 Qc2 28.Re1 Bf5
29.Bb4 Bd3 30.Bxd3 Qxd3 31.Bxd6 h5 32.h3 d4 33.exd4 Qxd4 34.Bb4 b5 35.Re3 Qd1+
36.Kh2 Qc2 37.Kg1 Qc1+ 38.Kh2 Qc2 39.Kg1 Qb1+ 40.Kh2 Qf1 41.Rf3 Qe2 42.h4 Qe4
43.Rh3 Qf4+ 44.Kg1 f6 45.g3 Qf3 46.Rh1 Kf7 47.Bc5 Qd5 48.Bb4 Qf3 49.Bc5 g5
50.hxg5 fxg5 51.Be3 Kg6 52.Kh2 Qe4 53.Rc1 h4 54.Rc5 hxg3+ 55.Kxg3 Qh4+ 56.Kg2 Qg4+
57.Kf1 Qd1+ 58.Kg2 g4 59.Rxb5 Qf3+ 60.Kg1 Qd1+ 61.Kh2 Kf6 62.Rg5 Ke6 63.a4 Qxa4
64.Kg3 Qd1 65.Rxg4 Kf5 66.Rg5+ Ke4 67.Rg4+ Kf5 68.Rg5+ Kf6 69.Rc5 Qh1 70.Kf4 Qh3
71.Ke4 Qg4+ 72.Kd3 Qd1+ 73.Kc4 Qc2+ 74.Kd4 Qb2+ 75.Kc4 Qc2+ 76.Kd4 Qb2+ 77.Kc4 Qc2+  1/2-1/2

[Event "Comet Open Titled Winners"]
[Site "chess.com INT"]
[Date "2025.10.19"]
[Round "4.5"]
[White "Nakamura,Hi"]
[Black "Nihal,Sarin"]
[Result "1-0"]
[WhiteElo "2816"]
[BlackElo "2700"]

1.d4 d5 2.Nf3 Nf6 3.e3 e6 4.c4 dxc4 5.Bxc4 c5 6.O-O cxd4 7.exd4 Be7 8.Nc3 O-O
9.Qe2 a6 10.Bg5 b5 11.Bb3 Bb7 12.Rad1 Nbd7 13.Ne5 b4 14.Na4 Nxe5 15.dxe5 Nd5
16.Nc5 Bc6 17.Bxe7 Qxe7 18.Ne4 Bb5 19.Bc4 Nf4 20.Qc2 Qc7 21.b3 Qxe5 22.Rfe1 Qf5
23.Qd2 Bxc4 24.bxc4 Ng6 25.c5 Ne7 26.Qxb4 Nd5 27.Qd4 Qg6 28.Nd6 Ra7 29.Rb1 Rc7
30.Rb3 h6 31.Rg3 Qf6 32.Qd2 Qf4 33.Qb2 Qf6 34.Qa3 Rb8 35.Rf1 g6 36.Qxa6 Qb2
37.Qc4 Qe5 38.Qa4 Rxc5 39.Ne4 Rcb5 40.Rf3 Rb4 41.Qa7 Qxe4 42.Qxf7+ Kh8 43.h3 Rb1
44.Rxb1 Rxb1+ 45.Kh2 Rb8 46.Rg3 Nf4 47.Qf6+ Kh7 48.Qf7+ Kh8 49.Rf3 e5 50.Qf6+ Kh7
51.Qe7+ Kh8 52.a4 Rg8 53.a5 Qf5 54.a6 Ra8 55.Qb7 Qc8 56.Rc3 Qf8 57.a7 Ne2
58.Rf3 Qd8 59.Rf7 Qg8 60.Rh7+ Qxh7 61.Qxa8+  1-0

[Event "Comet Open Titled Winners"]
[Site "chess.com INT"]
[Date "2025.10.19"]
[Round "4.3"]
[White "Nakamura,Hi"]
[Black "Nihal,Sarin"]
[Result "1-0"]
[WhiteElo "2816"]
[BlackElo "2700"]

1.Nf3 d5 2.d3 Nf6 3.Nbd2 c5 4.b3 Nc6 5.Bb2 g6 6.Ne5 Nxe5 7.Bxe5 Bg7 8.g3 O-O
9.Bg2 Be6 10.c4 Rc8 11.O-O b6 12.e3 Qd7 13.Qe2 Rfd8 14.Rfd1 Bg4 15.Bf3 Bxf3
16.Nxf3 Qe6 17.Bb2 Ne8 18.Bxg7 Nxg7 19.Rac1 dxc4 20.Rxc4 Nf5 21.Rc2 Rd7 22.b4 Rdc7
23.Rdc1 Qd6 24.b5 h5 25.a4 Rd8 26.d4 Rdc8 27.d5 e6 28.e4 Ng7 29.dxe6 Nxe6
30.Rd1 Qe7 31.Qe3 Rd8 32.Rd5 Rcd7 33.Rcd2 Nc7 34.Rxd7 Rxd7 35.Rxd7 Qxd7 36.Ne5 Qd1+
37.Kg2 Qxa4 38.Qf4 f5 39.Nf3 Ne8 40.Ng5 Qxb5 41.exf5 Qc6+ 42.Kg1 gxf5 43.Qxf5 Nf6
44.Ne6 Ne8 45.Qg6+ Kh8 46.Qxh5+ Kg8 47.Qg6+ Kh8 48.Qh6+ Kg8 49.Qf8+ Kh7 50.Qf7+ Kh8
51.Ng5 Nf6 52.Qg6  1-0

[Event "Comet Open Titled Winners"]
[Site "chess.com INT"]
[Date "2025.10.19"]
[Round "4.2"]
[White "Nihal,Sarin"]
[Black "Nakamura,Hi"]
[Result "0-1"]
[WhiteElo "2700"]
[BlackElo "2816"]

1.e4 e5 2.Nf3 Nc6 3.Bb5 Nf6 4.O-O Nxe4 5.Re1 Nd6 6.Nxe5 Be7 7.Bf1 Nxe5 8.Rxe5 O-O
9.d4 Ne8 10.c3 d5 11.Re1 Bd6 12.Nd2 c6 13.Nf3 g6 14.Bg5 f6 15.Bh4 Ng7 16.Bg3 Nf5
17.Bxd6 Nxd6 18.a4 a5 19.Qb3 Kg7 20.Re3 Rf7 21.Rae1 Bg4 22.h3 Bd7 23.Bd3 Qc7
24.Qd1 Bf5 25.Nh4 Bxd3 26.Qxd3 b5 27.axb5 cxb5 28.Rg3 Ne4 29.Rxe4 dxe4 30.Qxe4 Qb7
31.d5 Kh8 32.Nxg6+ hxg6 33.Qxg6 Qe7 34.d6 Qf8 35.Re3 Rd8 36.Re6 Qg8 37.Qh5+ Qh7
38.Qxb5 Kg7 39.c4 Qd3 40.Qc6 Qb1+ 41.Kh2 Qf5 42.Re3 Qd7 43.Rg3+ Kf8 44.Qxd7 Rfxd7
45.c5 Rc8 46.Rc3 Kf7 47.Kg3 Ke6 48.Kf4 Rb7 49.h4 Rxb2 50.Kg3 Rb5  0-1

[Event "Comet Open Titled Winners"]
[Site "chess.com INT"]
[Date "2025.10.19"]
[Round "4.1"]
[White "Nakamura,Hi"]
[Black "Nihal,Sarin"]
[Result "0-1"]
[WhiteElo "2816"]
[BlackElo "2700"]

1.c4 e5 2.Nc3 Nf6 3.d3 Bb4 4.Bd2 O-O 5.g3 d5 6.cxd5 Bxc3 7.Bxc3 Nxd5 8.Bg2 Nxc3
9.bxc3 Nc6 10.Nf3 Qe7 11.O-O Bd7 12.d4 Rad8 13.e3 b6 14.Qc2 Rfe8 15.Rfd1 h6
16.Rac1 Qf6 17.Nd2 Na5 18.Nb3 Nc4 19.Qe2 Nd6 20.h3 Qg6 21.Kh2 Re7 22.c4 exd4
23.Rxd4 Rde8 24.Qd2 Bf5 25.c5 Ne4 26.Qe1 Qf6 27.cxb6 axb6 28.Nd2 Nxg3 29.Rf4 Nh5
30.Rf3 Qe5+ 31.Kg1 Be6 32.e4 Nf4 33.Qe3 g5 34.Bf1 Rd8 35.Nc4 Qd4 36.Qa3 Red7
37.Re3 Bxc4 38.Bxc4 Qe5 39.Qb3 Kg7 40.Bf1 Rd2 41.a4 R8d7 42.h4 Ne6 43.Qc3 Qxc3
44.Rexc3 gxh4 45.Bh3 Rd1+ 46.Rxd1 Rxd1+ 47.Kh2 Nc5 48.Bg2 Ra1 49.f3 Rxa4
50.Kh3 Kf6 51.Kxh4 Ke5 52.Kg3 Kd4 53.Rc1 b5 54.Bf1 c6 55.Rd1+ Ke3 56.Rc1 Kd4
57.Rd1+ Kc3 58.Rc1+ Kb4 59.Rb1+ Nb3 60.Be2 c5 61.Rh1 c4 62.Rh5 Nd4 63.Bf1 c3
64.Bd3 c2 65.Bxc2 Nxc2 66.Rxh6 Kc3 67.Rb6 b4 68.Rb7 b3 69.e5 b2 70.e6 fxe6
71.Rc7+ Rc4  0-1

[Event "Comet Open Titled Winners"]
[Site "chess.com INT"]
[Date "2025.10.19"]
[Round "4.4"]
[White "Nihal,Sarin"]
[Black "Nakamura,Hi"]
[Result "1-0"]
[WhiteElo "2700"]
[BlackElo "2816"]

1.e4 e5 2.Nf3 Nc6 3.Bc4 Nf6 4.d3 Bc5 5.O-O h6 6.c3 d6 7.Re1 O-O 8.Nbd2 a5
9.h3 Be6 10.Bb5 Ba7 11.Nf1 Ne7 12.d4 Ng6 13.Ng3 c6 14.Bd3 Re8 15.Be3 a4 16.b4 Bb6
17.Qd2 Bc7 18.Rad1 b5 19.a3 Qe7 20.Nf5 Qf8 21.dxe5 Bxf5 22.exf6 Bxe4 23.fxg7 Qe7
24.Bxe4 Qxe4 25.Bb6 Bxb6 26.Rxe4 Rxe4 27.Qxh6 Bd8  1-0

[Event "Comet Open Titled Winners"]
[Site "chess.com INT"]
[Date "2025.10.19"]
[Round "5.4"]
[White "Andreikin,D"]
[Black "Nakamura,Hi"]
[Result "0-1"]
[WhiteElo "2710"]
[BlackElo "2816"]

1.d4 Nf6 2.c4 g6 3.Nc3 Bg7 4.e4 d6 5.h3 O-O 6.Be3 e5 7.d5 a5 8.Bd3 Nfd7 9.g4 Nc5
10.Bc2 Nba6 11.Nge2 Bf6 12.Qd2 Nb4 13.Bb1 Bd7 14.g5 Bg7 15.h4 f5 16.h5 Rf7
17.hxg6 hxg6 18.exf5 gxf5 19.g6 Rf6 20.Bg5 Qf8 21.Bxf6 Qxf6 22.Ng3 e4 23.Nh5 Qxg6
24.Ne2 Kf7 25.Nef4 Qg4 26.Nxg7 Qxg7 27.a3 Nb3 28.Qe3 Nxa1 29.axb4 axb4 30.Nh5 Qxb2
31.O-O Rg8+ 32.Kh1 Qh8 33.Qh3 Rg5 34.Nf4 Qxh3+ 35.Nxh3 Rg8 36.Nf4 Nb3 37.Bc2 Nd4
38.Bd1 b3 39.Bh5+ Kf6 40.Rd1 Ke5 41.Ng6+ Rxg6 42.Bxg6 f4 43.Re1 Bf5 44.Bxf5 Nxf5
45.Kg2 Kd4 46.Kh3 e3 47.fxe3+ fxe3 48.Kg4 Ke4 49.Rb1 Nd4 50.Kg3 e2 51.Kf2 Kd3
52.Ke1 Kc2 53.Ra1 b2 54.Ra2 Kc1 55.c5 b1=Q 56.Ra3 Qb4+ 57.Kf2 e1=Q+ 58.Kg2 Qbd2+  0-1

[Event "Comet Open Titled Winners"]
[Site "chess.com INT"]
[Date "2025.10.19"]
[Round "5.3"]
[White "Nakamura,Hi"]
[Black "Andreikin,D"]
[Result "1-0"]
[WhiteElo "2816"]
[BlackElo "2710"]

1.e4 c5 2.Nf3 e6 3.c3 Nf6 4.e5 Nd5 5.a3 b6 6.d4 cxd4 7.Nxd4 Bb7 8.Nd2 Nc6
9.Nxc6 Bxc6 10.Nf3 b5 11.Bd3 Be7 12.O-O O-O 13.Nd4 a6 14.Qg4 g6 15.Bh6 Re8
16.Rad1 Qc7 17.Rfe1 Bf8 18.Bxf8 Rxf8 19.h4 f5 20.exf6 Rxf6 21.Nxc6 Qxc6 22.Be4 Raf8
23.Bxd5 exd5 24.Rd2 Qc5 25.Ree2 Rf5 26.Qd4 Qc4 27.g3 h5 28.Qe3  1-0

[Event "Comet Open Titled Winners"]
[Site "chess.com INT"]
[Date "2025.10.19"]
[Round "5.2"]
[White "Andreikin,D"]
[Black "Nakamura,Hi"]
[Result "0-1"]
[WhiteElo "2710"]
[BlackElo "2816"]

1.Nf3 g6 2.c4 Bg7 3.Nc3 d6 4.d4 Nf6 5.e4 O-O 6.Be2 Nbd7 7.O-O e5 8.Re1 Re8
9.d5 Nc5 10.Bf1 a5 11.Bg5 h6 12.Bh4 Bg4 13.h3 Bd7 14.b3 g5 15.Bg3 Nh5 16.Bh2 Nf4
17.a3 g4 18.hxg4 Bxg4 19.Re3 a4 20.Nxa4 Nxa4 21.bxa4 h5 22.Rb1 b6 23.g3 Nh3+
24.Bxh3 Bxh3 25.Nh4 Bg4 26.Qc2 Qd7 27.Nf5 Qxa4 28.Qc1 Bxf5 29.exf5 Bh6 30.Qc3 Bxe3
31.Qxe3 f6 32.Qh6 Re7 33.Qxf6 Qe8 34.Rb3 Qf7 35.Qh4 Rf8 36.Rf3 Qf6 37.Qh3 Kg7
38.g4 hxg4 39.Rg3 Rh8 40.Rxg4+ Kf8 41.Qf3 Rf7 42.c5 Qh6 43.Bg3 Qc1+ 44.Kg2 Qh1+  0-1

[Event "Comet Open Titled Winners"]
[Site "chess.com INT"]
[Date "2025.10.19"]
[Round "5.1"]
[White "Nakamura,Hi"]
[Black "Andreikin,D"]
[Result "0-1"]
[WhiteElo "2816"]
[BlackElo "2710"]

1.c4 Nf6 2.Nf3 e6 3.e3 d5 4.Nc3 Nbd7 5.b3 a6 6.Bb2 Bd6 7.g3 O-O 8.d4 Ne4
9.cxd5 Nxc3 10.Bxc3 exd5 11.Bg2 Nf6 12.O-O Bg4 13.Bb2 Qd7 14.Qc2 Bxf3 15.Bxf3 c6
16.Bg2 Rae8 17.Rae1 h5 18.f3 h4 19.g4 Re7 20.h3 Bg3 21.Re2 Rfe8 22.e4 dxe4
23.fxe4 Nd5 24.Bc1 Nc7 25.Be3 Rd8 26.Rd2 Nd5 27.Bg5 f6 28.exd5 fxg5 29.dxc6 bxc6
30.Qxc6 Bf4 31.Qxd7 Rdxd7 32.Rdd1 Rxd4 33.Bd5+ Kh7 34.Rxd4 Be3+ 35.Kg2 Bxd4
36.Bc4 Re3 37.Rf5 Rg3+ 38.Kh2 Be3 39.Bf1 Bf4 40.Kh1 Rf3 41.Kg2 Rc3 42.Ra5 Rc2+
43.Kf3 Rc1 44.Bd3+ g6 45.Rxa6 Rh1 46.Bxg6+ Kg7 47.Ke4 Rxh3 48.Kf5 Rc3 49.Ra7+ Kf8
50.Rh7 h3 51.Ke6 Rc6+ 52.Kd5 Rxg6 53.Rxh3 Ra6 54.a4 Ke7 55.Kc5 Kd7 56.Kb5 Rd6
57.a5 Rd5+ 58.Ka4 Bd6 59.a6 Kc6 60.Rh7 Kb6 61.a7 Ra5+  0-1

[Event "Comet Open Titled Winners"]
[Site "chess.com INT"]
[Date "2025.10.19"]
[Round "6.2"]
[White "Lazavik,Denis"]
[Black "Nakamura,Hi"]
[Result "1/2-1/2"]
[WhiteElo "2605"]
[BlackElo "2816"]

1.d4 Nf6 2.c4 e6 3.Nf3 d5 4.g3 Be7 5.Bg2 O-O 6.O-O dxc4 7.Qc2 a6 8.a4 Bd7
9.Qxc4 Bc6 10.Bg5 Nbd7 11.Rd1 Bd5 12.Qc2 Be4 13.Qc1 h6 14.Bxf6 Nxf6 15.Nc3 Bxf3
16.Bxf3 c6 17.h4 a5 18.h5 Qb6 19.Kg2 Rad8 20.e3 Bb4 21.Ne2 Rfe8 22.Qc4 Bd6
23.Rab1 e5 24.dxe5 Bxe5 25.b3 Qb4 26.Qc2 Qe7 27.Rxd8 Rxd8 28.Rd1 Rxd1 29.Qxd1 Nd7
30.Qc2 Nc5 31.Nc1 Bd6 32.Nd3 Nxd3 33.Qxd3 Qe5  1/2-1/2

[Event "Comet Open Titled Winners"]
[Site "chess.com INT"]
[Date "2025.10.19"]
[Round "6.3"]
[White "Nakamura,Hi"]
[Black "Lazavik,Denis"]
[Result "1/2-1/2"]
[WhiteElo "2816"]
[BlackElo "2605"]

1.c4 Nf6 2.Nc3 b6 3.e4 Bb7 4.d3 c5 5.g3 d6 6.Bg2 Nbd7 7.Nge2 g6 8.O-O Rb8
9.d4 cxd4 10.Nxd4 Bg7 11.Nd5 O-O 12.Re1 e6 13.Nc3 a6 14.b3 Qc7 15.Bb2 Rfe8
16.Qe2 Rbd8 17.Rad1 Nc5 18.Qc2 Ncd7 19.Qb1 Rc8 20.Qa1 Nc5 21.Qb1 Qe7 22.Qa1 Red8
23.Nc2 Ncd7 24.Ne3 Nc5 25.Nc2 Ncd7 26.Ne3 Nc5 27.Nc2  1/2-1/2